Regulace bank a pojišťoven v Evropské unii

Formulovanie princípov regulácie založenej na riadení rizík. Jednotný európsky finančný trh. Pravidlá riadenia rizík platné pre banky a poisťovne v EU. Prínosy Basel II. Moderný koncept Solvency II. Súčasná a budúca implementácia Basel II. Implementačný plán.

Gespeichert in:
Bibliographische Detailangaben
1. Verfasser: Onder, Štěpán
Format: Buchkapitel
Sprache:Tschechisch
Schlagworte:
Tags: Tag hinzufügen
Keine Tags, Fügen Sie das erste Tag hinzu!

MARC

LEADER 00000naa$a2200000$$$4500
001 0057303
005 20231010094306.3
041 0 |a cze 
044 |a CZ 
245 1 0 |a Regulace bank a pojišťoven v Evropské unii  |c Štěpán Onder 
520 |a Formulovanie princípov regulácie založenej na riadení rizík. Jednotný európsky finančný trh. Pravidlá riadenia rizík platné pre banky a poisťovne v EU. Prínosy Basel II. Moderný koncept Solvency II. Súčasná a budúca implementácia Basel II. Implementačný plán. 
610 2 0 |a banky 
610 2 0 |a poisťovne 
610 2 0 |a trh finančný 
610 2 0 |a riadenie rizík 
610 2 0 |a riziko operačné 
100 1 |a Onder, Štěpán